| 000 | 00462nam a2200169Ia 4500 | ||
|---|---|---|---|
| 003 | GCL | ||
| 008 | 140319s9999 xx 000 0 eng d | ||
| 040 |
_aGCL / _cGCL |
||
| 082 | 0 | 4 |
_a624.17762 _bB N |
| 100 | 1 | _aGABAY, MICHELE | |
| 245 | 1 | 0 |
_aNON - LINEAR DYNAMIC PROBLEMS FOR COMPOSITE CYLINDRICAL SHELLS / _cGABAY, MICHELE |
| 260 |
_a[S.N] : _bABT AKVERT SKIRA S.A ، _c1993 |
||
| 300 | _a295 P | ||
| 650 | 0 | 4 | _aDYNAMICS |
| 650 | 0 | 4 | _aSHELL |
| 942 |
_2ddc _cBK |
||
| 999 |
_c16722 _d16722 |
||